000
00319nam a2200109Ia 4500
008
200302s9999 xx 000 0 und d
100
_a
Lancy Lobo and Jayesh Shah
245
_a
Forests and Tribal Livelihood changing bhaviours and attitudes
260
_b
Concept Publishing Com. Pvt. Ltd.
260
_c
2017
300
_a
288
999
_c
6873
_d
6873